000 00602nam a22002297a 4500
003 UA-OsUOA
001 124407
007 ta
008 20170810b un ||||| |||| 00| 0 ukr d
100 _aНабока С.
090 _a821.161.2
_bН14
942 _cBK
040 _aUA-OsUOA
_bukr
_cUA-OsUOA
_dUA-OsUOA
245 _aУвага №0
_bзбірка віршів
300 _a170 с.
955 _a3
041 _aukr
080 _a821.161.2
260 _aК.
_bКнижник- Review
_c2003
650 7 _a82 Література. Літературознавство
_2UDC
999 _c411552
_d411552